Top 50 Albums from 2000 - Statistics

General Stats
  • This quiz has been taken 6 times
  • The average score is 10 of 50
Answer Stats
Artist Album % Correct
#20: Eminem The Marshall Mathers LP
100%
#1: Radiohead Kid A
83%
#6: Electric Wizard Dopethrone
67%
#3: The Avalanches Since I Left You
67%
#2: Godspeed You! Black Emperor Lift Your Skinny Fists Like Antennas to Heaven
50%
#11: OutKast Stankonia
50%
#4: Modest Mouse The Moon & Antarctica
50%
#10: D'Angelo Voodoo
50%
#12: Yo La Tengo And Then Nothing Turned Itself Inside-Out
33%
#8: Deltron 3030 Deltron 3030
33%
#26: Elliott Smith Figure 8
33%
#25: Porcupine Tree Lightbulb Sun
33%
#29: Common Like Water for Chocolate
33%
#14: Queens of the Stone Age Rated R
33%
#9: Deftones White Pony
33%
#48: PRMLSCRM XTRMNTR
33%
#23: Johnny Cash American III: Solitary Man
17%
#40: Iron Maiden Brave New World
17%
#7: Boris Flood
17%
#49: Ryan Adams Heartbreaker
17%
#27: A Silver Mt. Zion He Has Left Us Alone but Shafts of Light Sometimes Grace the Corner of Our Rooms
17%
#45: Erykah Badu Mama's Gun
17%
#5: At the Drive-In Relationship of Command
17%
#15: PJ Harvey Stories from the City, Stories from the Sea
17%
#19: Ghostface Killah Supreme Clientele
17%
#46: Grandaddy The Sophtware Slump
17%
#30: Quasimoto The Unseen
17%
#38: Reflection Eternal Train of Thought
17%
#34: Gamma Ray Blast from the Past
0%
#16: Immolation Close to a World Below
0%
#33: Orchid Dance Tonight! Revolution Tomorrow!
0%
#22: Weakling Dead as Dreams
0%
#42: Nevermore Dead Heart in a Dead World
0%
#47: Slum Village Fantastic, Vol. 2
0%
#21: Nobuo Uematsu Final Fantasy IX
0%
#39: Songs: Ohia Ghost Tropic
0%
#32: Coil Musick to Play in the Dark²
0%
#44: Various Artists O Brother, Where Art Thou?
0%
#24: Ulver Perdition City
0%
#18: GAS Pop
0%
#37: Sixteen Horsepower Secret South
0%
#41: Sheena Ringo Shōso Strip
0%
#50: Current 93 Sleep Has His House
0%
#13: Avey Tare and Panda Bear Spirit They're Gone, Spirit They've Vanished
0%
#28: Bohren & der Club of Gore Sunset Mission
0%
#36: Discordance Axis The Inalienable Dreamless
0%
#17: Koji Kondo The Legend of Zelda: Majora's Mask
0%
#31: Songs: Ohia The Lioness
0%
#35: Pain of Salvation The Perfect Element I
0%
#43: Polish National Radio Symphony Orchestra / Antoni Wit / François Weigel / Thomas Bloch Turangalîla Symphony; L'Ascension
0%
No matching quizzes found
Score Distribution
Percent of People with Each Score
Percentile by Number Answered
Your Score History
You have not taken this quiz